Normal view
MARC view
- Ashraf Ali Thanvi. Moulana Thanvi, Muhammad Ashraf Ali. Moulana
Entry Personal Name
001 - CONTROL NUMBER
- control field: 77053
003 - CONTROL NUMBER IDENTIFIER
- control field: NUST
005 - DATE AND TIME OF LATEST TRANSACTION
- control field: 20210628205809.0
008 - FIXED-LENGTH DATA ELEMENTS
- fixed length control field: 210628|| aca||aabn | a|a d
040 ## - CATALOGING SOURCE
- Original cataloging agency: NUST
- Transcribing agency: NUST
100 ## - HEADING--PERSONAL NAME
- Personal name: Ashraf Ali Thanvi. Moulana Thanvi, Muhammad Ashraf Ali. Moulana
670 ## - SOURCE DATA FOUND
- Source citation: Work cat.: (NUST): Ashraf Ali Thanvi. Moulana Thanvi, Muhammad Ashraf Ali. Moulana , Tarbeat-ul-salik, 1993
